Letters from the field 1925-1975

Saved in:
Bibliographic Details
Main Author: Mead, Margaret, 1901-1978
Format: Book
Language:English
Published: New York : Harper and Row, 1977.
Series:World perspectives ; 52
Subjects:
Tags: Add Tag
No Tags, Be the first to tag this record!

MARC

LEADER 00000cam a2200000 i 4500
001 1/92808
008 940307s1977 nyua ||| |||| ||eng||
020 |a 0060129611 
035 |l 10008607 
040 |a GR-MY-UA  |b gre  |e aacr 
041 0 |a eng 
082 0 |a 306.092  
100 1 |a Mead, Margaret,   |d 1901-1978. 
245 1 0 |a Letters from the field 1925-1975 /   |c Margaret Mead.  
260 |a New York :   |b Harper and Row,   |c 1977.  
300 |a 343 σ. :   |b εικ. ;   |c 23 εκ.  
490 1 |a (World perspectives ;   |v 52)  
600 1 0 |a Mead, Margaret,   |d 1901-1978. 
650 0 0 |a Anthropologists  |z United States  |x Correspondence. 
650 0 0 |a Ethnology  |z Oceania. 
650 0 0 |a Ethnology  |x Fieldwork. 
830 0 |a World perspectives ;  |v 52 
852 |a INST  |b LESVOS  |e 19940307  |h 306.092 MEA  |p 005100006947  |q 005100006947  |t BK  |y 0